CIRCUITS DEVICES AND SYSTEMS, A FIRST COURSE IN ELECTRICAL ENGINEERING (Record no. 567601)

000 -LEADER
fixed length control field 00359nam a22001337a 4500
082 ## - DEWEY DECIMAL CLASSIFICATION NUMBER
Classification number 621.3 SMI'C
100 ## - MAIN ENTRY--PERSONAL NAME
Personal name SMITH, RALPH.J
9 (RLIN) 57304
245 ## - TITLE STATEMENT
Title CIRCUITS DEVICES AND SYSTEMS, A FIRST COURSE IN ELECTRICAL ENGINEERING
250 ## - EDITION STATEMENT
Edition statement 3RD
260 ## - PUBLICATION, DISTRIBUTION, ETC.
Place of publication, distribution, etc. NEWYORK
Name of publisher, distributor, etc. JOHN WILEY
Date of publication, distribution, etc. 1976
300 ## - PHYSICAL DESCRIPTION
Extent 767P
650 ## - SUBJECT ADDED ENTRY--TOPICAL TERM
Topical term or geographic name entry element ELECTRICAL ENGINEERING
9 (RLIN) 14958
942 ## - ADDED ENTRY ELEMENTS (KOHA)
Koha item type Book
Holdings
Withdrawn status Lost status Damaged status Not for loan Permanent Location Current Location Shelving location Date acquired Total Checkouts Full call number Barcode Date last seen Price effective from Koha item type
        College of Electrical & Mechanical Engineering (CEME) College of Electrical & Mechanical Engineering (CEME) General Stacks 07/13/2017   621.3 SMI'C CEME-24949 06/28/2021 06/28/2021 Book
© 2023 Central Library, National University of Sciences and Technology. All Rights Reserved.